| 000 | 01039cam a22003015a 4500 | ||
|---|---|---|---|
| 001 | 18363426 | ||
| 005 | 20160222105944.0 | ||
| 008 | 141106s2015 enka frb 001 0 eng d | ||
| 020 | _a9781118764404 | ||
| 040 |
_aDLC _beng _cDLC _dEG-ScBUE |
||
| 082 | 0 | 4 |
_222 _a333.72 _bMOR |
| 100 | 1 |
_aMorri, Giacomo, _d1975- _939403 |
|
| 245 | 1 | 0 |
_aProperty finance : _ban international approach / _cGiacomo Morri, Antonio Mazza ; country reports edited by Alessandro P. Scarso. |
| 260 |
_aChichester : _bJohn Wiley & Sons, _c2015. |
||
| 300 |
_axxiv, 247 p. : _bill. ; _c24 cm. |
||
| 490 | 0 | _aWiley finance series. | |
| 500 | _aIndex : p. 241-247. | ||
| 504 | _aBibliography : p. 237-239. | ||
| 650 | 0 |
_aReal estate investment _xFinance. _2BUEsh |
|
| 650 | 0 |
_aReal estate business _xFinance _2BUEsh |
|
| 650 | 0 |
_aMortgages. _2BUEsh |
|
| 650 | 0 |
_aMortgage loans _xLaw and legislation. _2BUEsh |
|
| 651 | _2BUEsh | ||
| 653 |
_bBUSADM _cFebruary2016 |
||
| 700 | 1 |
_aMazza, Antonio, _d1964- |
|
| 700 | 1 |
_aScarso, Alessandro P., _eeditor. |
|
| 942 | _2ddc | ||
| 999 |
_c21204 _d21176 |
||